Biotechnology for the future
Saved in:
| Andre forfattere: | |
|---|---|
| Format: | Bog |
| Sprog: | engelsk |
| Udgivet: |
Berlín
Springer
2010
|
| Udgivelse: | 1a. ed |
| Serier: | Advances in Biochemical Engineering-Biotechnology, 100
|
| Fag: | |
| Tags: |
Tilføj Tag
Ingen Tags, Vær først til at tagge denne postø!
|
MARC
| LEADER | 00000cam a2200000 a 4500 | ||
|---|---|---|---|
| 001 | UCD0369 | ||
| 003 | CL-VaPUC | ||
| 008 | 151127e20100000gw |||||||||||||||||eng|d | ||
| 020 | |a 9783642065279 | ||
| 082 | 0 | 4 | |a 660.63 |b NIE |2 21 |
| 100 | |a Nielsen, Jens |e editor |9 564757 | ||
| 245 | 1 | 0 | |a Biotechnology for the future |
| 250 | |a 1a. ed | ||
| 300 | |a 229 p | ||
| 942 | |c BK | ||
| 945 | |d 20151127 13:45:00 |a dcastane | ||
| 260 | |a Berlín |b Springer |c 2010 | ||
| 650 | 0 | |a Biotecnología |9 259561 | |
| 583 | |a last modification |c 20151127 13:45:00 |k Rodrigo Vera | ||
| 490 | 0 | |a Advances in Biochemical Engineering-Biotechnology, 100 | |
| 999 | |c 361934 |d 361932 | ||
| 952 | |0 0 |1 0 |3 erb |4 0 |6 660_630000000000000_NIE_2010 |7 0 |8 A |9 472688 |a BIBING |b BIBING |i 5252547 |o 660.63 NIE 2010 |p 5252547 |r 2025-01-20 |w 2019-11-24 |y BK |z Catalogado en:20151127 |k EIB | ||